| 000 | 00494 a2200169 4500 | ||
|---|---|---|---|
| 999 |
_c29160 _d29160 |
||
| 003 | NUST | ||
| 005 | 20180118162620.0 | ||
| 008 | 180118b xxu||||| |||| 00| 0 eng d | ||
| 020 | _a0123097509 | ||
| 020 | _a9780123097507 | ||
| 082 | 0 | 4 | _a531 |
| 100 | 1 |
_aGurtin, Morton E. _98912 |
|
| 245 | 1 | 3 |
_aAn introduction to continuum mechanics / _cMorton E. Gurtin. |
| 260 |
_a[S.l.] : _bAcademic Press, _c2003. |
||
| 300 |
_a265 p. ; _c24 cm. |
||
| 490 | 1 | _aMathematics in science and engineering. | |
| 830 | 0 |
_aMathematics in science and engineering. _98913 |
|
| 942 |
_aSNS _cBK _k531 GUR _2ddc |
||